000 01299nam a2200289 i 4500
001 186664
003 SpMaBN
005 20250928125449.0
008 170111s1991 sp hp |||| |dlat d
020 _a84-86238-31-5
080 _a34(460)"05"(094.4)
130 0 _aLex Romana Visigothorum.
_9135329
245 1 0 _aCódigo de Alarico II
_b: fragmentos de la "Ley Romana" de los visigodos conservados en un códice palimpsesto de la Catedral de León /
_cproemio por Francisco Cárdenas y Fidel Fita ; epílogo "Sobre Max Conrat (Cohn) y el Breviario de Alarico" por Magdalena Rodríguez Gil.
260 _aÁvila :
_bFundación Sánchez-Albornoz ;
_aLeón :
_bSantiago García,
_c1991.
300 _a[2], XXIX, 491 p. ;
_c35 cm.
500 _aÍndices.
546 _aCódigo facsímil y transcripción latina.
700 1 _aCárdenas, Francisco de,
_d1816-1898
_935138
700 1 _aFita, Fidel,
_d1835-1917
_951052
700 1 _aRodríguez Gil, Magdalena.
_998552
710 2 _aFundación Sánchez-Albornoz.
_9161531
852 _aES-MaACL
_jA-13966
_9193721
_bR.150839
_cDEPO1
_dOlim: N-6966
_hDonación: Begoña San José
_x enc. cart.
903 _9102240
_aSan José, Begoña
_ednr
942 _2udc
_cMONOGRAFIA
999 _c186664
_d186664